[Event "New York op"]
[Site "New York"]
[Date "1991.??.??"]
[Round "?"]
[White "Waitzkin, Joshua"]
[Black "Kraai, Jesse"]
[Result "0-1"]
[WhiteElo "2320"]
[BlackElo "2290"]

1.e4 c5 2.Nf3 e6 3.d4 cxd4 4.Nxd4 Nf6 5.Nc3 d6 6.Be3 Be7 7.f3 O-O 8.Qd2 Nc6
9.O-O-O a6 10.g4 Nxd4 11.Bxd4 b5 12.g5 Nd7 13.f4 b4 14.Ne2 e5 15.Be3 exf4
16.Bxf4 Qa5 17.Kb1 Nc5 18.Bg2 Be6 19.Nc1 Rac8 20.h4 f5 21.exf5 Bxf5 22.Rde1 Ne6
23.Be4 Nxf4 24.Qxf4 Rc4 25.Nd3 Qb5 26.g6 Bxe4 27.gxh7+ Bxh7 28.Qe3 Bf6 29.h5 Rxc2  0-1

[Event "New York op"]
[Site "New York"]
[Date "1991.??.??"]
[Round "?"]
[White "Byrne, Robert E"]
[Black "Waitzkin, Joshua"]
[Result "1/2-1/2"]
[WhiteElo "2465"]
[BlackElo "2320"]

1.e4 c5 2.Nf3 Nc6 3.d4 cxd4 4.Nxd4 Nf6 5.Nc3 d6 6.Bg5 e6 7.Qd2 a6 8.O-O-O Bd7
9.f4 b5 10.Bxf6 gxf6 11.Kb1 Qb6 12.Nxc6 Bxc6 13.Bd3 O-O-O 14.Rhf1 h5 15.f5 b4
16.Ne2 e5 17.c4 Bh6 18.Qe1 Rdg8 19.g3 Rg4 20.Nc1 h4 21.Qe2 Rhg8 22.c5 dxc5
23.Bxa6+ Kc7 24.Bd3 hxg3 25.hxg3 Bf8 26.Qc2 Rxg3 27.Bc4 Rg2 28.Qd3 Be7 29.Bxf7 Rd8
30.Qf3 Rgd2 31.Rxd2 Rxd2 32.Nb3 Rd8 33.Rc1 Qb5 34.Bd5 Ra8 35.Qg3 Bxd5 36.exd5 Qa6
37.Qg7 Kd6 38.Qg1 Qxa2+ 39.Kc2 Qa6 40.Nxc5 Qc4+ 41.Kd2 Qd4+ 42.Qxd4 exd4
43.Ne6 Rh8 44.Nc7 Kd7 45.Nb5 Rh2+ 46.Kd3 Bd6 47.Nxd6 Kxd6 48.Kxd4 Rd2+ 49.Ke4 Rxd5  1/2-1/2

[Event "USA-chJ"]
[Site "USA"]
[Date "1991.??.??"]
[Round "5"]
[White "Sidelnikov, Alexander"]
[Black "Waitzkin, Joshua"]
[Result "0-1"]
[WhiteElo "2270"]
[BlackElo "2320"]

1.Nf3 Nf6 2.g3 g6 3.Bg2 Bg7 4.O-O O-O 5.c3 d6 6.d4 Nbd7 7.Re1 e5 8.e4 Ne8
9.Nbd2 Bh6 10.dxe5 dxe5 11.Nc4 Bxc1 12.Qxc1 Qe7 13.Qd2 c6 14.Rad1 f6 15.Nd6 Nxd6
16.Qxd6 Qxd6 17.Rxd6 Nb6 18.Nd2 Kf7 19.b3 Ke7 20.Rd3 Be6 21.Nb1 a5 22.c4 a4  0-1

[Event "New York Marshall"]
[Site "New York"]
[Date "1992.??.??"]
[Round "?"]
[White "Waitzkin, Joshua"]
[Black "Sagalchik, Gennadij"]
[Result "1/2-1/2"]
[WhiteElo "2290"]
[BlackElo "2475"]

1.e4 e5 2.Nf3 Nc6 3.Bb5 a6 4.Bxc6 dxc6 5.O-O f6 6.d4 exd4 7.Nxd4 c5 8.Ne2 Qxd1
9.Rxd1 Bd7 10.c4 Ne7 11.Nbc3 O-O-O 12.Bf4 Ng6 13.Bg3 Ne5 14.Bxe5 fxe5 15.Nd5 Bg4
16.Rd2 Bxe2 17.Rxe2 c6 18.Ne3 g6 19.Rd1 Rxd1+ 20.Nxd1 Bh6 21.b3 Rd8 22.Nb2 b5
23.Rc2 bxc4 24.bxc4 Rd4 25.f3 Be3+ 26.Kf1 Rd7 27.Na4 Rb7 28.Rb2 Rb4 29.Rxb4 cxb4
30.Ke2 Bg1 31.h4 Kd7 32.g4  1/2-1/2

[Event "Enhance MCC"]
[Site "New York"]
[Date "1992.??.??"]
[Round "1"]
[White "Waitzkin, Joshua"]
[Black "Moskow, Eric"]
[Result "1-0"]
[WhiteElo "2310"]
[BlackElo "2240"]

1.e4 c5 2.Nf3 d6 3.d4 cxd4 4.Nxd4 Nf6 5.Nc3 g6 6.Be3 Bg7 7.f3 Nc6 8.Qd2 O-O
9.g4 Be6 10.Nxe6 fxe6 11.O-O-O Ne5 12.Be2 Rc8 13.Nb5 Qd7 14.Nd4 Nc4 15.Bxc4 Rxc4
16.Qd3 Rfc8 17.Rd2 e5 18.Ne2 Qa4 19.Qb3 Qxb3 20.axb3 R4c6 21.Nc3 a6 22.h4 e6
23.Rhd1 Bf8 24.h5 R8c7 25.Rh2 b5 26.Bg5 Kf7 27.Rf1 gxh5 28.gxh5 Ng8 29.f4 exf4
30.Rxf4+ Ke8 31.Re2 Rf7 32.Nd5 Rxf4 33.Bxf4 Bh6 34.Bxh6 Nxh6 35.Nf6+ Ke7
36.Nd5+ Kf7 37.Rf2+ Kg7 38.Nf4 Kf6 39.Kd2 Rc5 40.Nd3+ Kg5 41.Rg2+ Kf6 42.Nxc5 dxc5
43.Ke3  1-0

[Event "New York Marshall CC"]
[Site "New York"]
[Date "1992.??.??"]
[Round "1"]
[White "Waitzkin, Joshua"]
[Black "Fedorowicz, John P"]
[Result "0-1"]
[WhiteElo "2310"]
[BlackElo "2560"]

1.e4 c5 2.Nf3 d6 3.d4 cxd4 4.Nxd4 Nf6 5.Nc3 a6 6.Bc4 e6 7.Bb3 b5 8.O-O Be7
9.Qf3 Qc7 10.a3 O-O 11.Qg3 Kh8 12.Be3 Nc6 13.Nxc6 Qxc6 14.Bd4 Bb7 15.f4 Rad8
16.Rfe1 a5 17.Rad1 b4 18.Ba4 Qc8 19.Nb5 bxa3 20.Qxa3 Nxe4 21.Bb6 Qc6 22.Bxd8 Rxd8
23.Nd4 Qc7 24.Nb5 Qb8 25.c4 Bf8 26.Bc2 d5 27.Qf3 Bc5+ 28.Kf1 Nf6 29.g4 Ba6
30.g5 Nh5 31.Re5 g6 32.Kg2 Bxb5 33.cxb5 Bd6 34.Ree1 Bxf4 35.h4 Qxb5 36.Qc3+ Kg8
37.Bd3 Qb8 38.Rf1 a4 39.Be2 Be5 40.Qd2 Ng3 41.Rf3 Nf5 42.Kh3 Qxb2  0-1

[Event "New York Marshall CC"]
[Site "New York"]
[Date "1992.??.??"]
[Round "2"]
[White "Bonin, Jay R"]
[Black "Waitzkin, Joshua"]
[Result "1/2-1/2"]
[WhiteElo "2405"]
[BlackElo "2310"]

1.Nf3 Nf6 2.d4 e6 3.c4 c5 4.d5 b5 5.Bg5 b4 6.e4 d6 7.Bd3 Be7 8.e5 Ng4 9.Bxe7 Qxe7
10.exd6 Qxd6 11.O-O Nf6 12.Re1 Na6 13.Nbd2 O-O 14.Ng5 exd5 15.cxd5 Nc7 16.Nde4 Nxe4
17.Nxe4 Qxd5 18.Rc1 Rd8 19.Qf3 Be6 20.Bb1 c4 21.Qg3 Ne8 22.Ng5 Nf6 23.Qh4 Bf5
24.Bxf5 Qxf5 25.Rxc4  1/2-1/2

[Event "Enhance MCC"]
[Site "New York"]
[Date "1992.??.??"]
[Round "3"]
[White "Waitzkin, Joshua"]
[Black "Averbakh, Yuri L"]
[Result "1/2-1/2"]
[WhiteElo "2310"]
[BlackElo "2440"]

1.e4 c5 2.Nf3 Nc6 3.d4 cxd4 4.Nxd4 Nf6 5.Nc3 d6 6.Bg5 e6 7.Qd2 a6 8.O-O-O h6
9.Be3 Be7 10.f4 Nxd4 11.Qxd4 O-O 12.Be2 Qc7 13.Rhf1 e5 14.Qc4 Qxc4 15.Bxc4 Ng4
16.Nd5 Nxe3 17.Nxe3 exf4 18.Nd5 Bg5 19.Nxf4 Be6 20.Bd3 Rac8 21.Kb1 Bxf4 22.Rxf4 Rc5
23.Rf2 Re5 24.Be2 d5 25.exd5 Bxd5 26.Kc1 Rc8 27.Bf3 Bxf3 28.Rxf3 Re2 29.Rd2  1/2-1/2

[Event "Enhance MCC"]
[Site "New York"]
[Date "1992.??.??"]
[Round "5"]
[White "Waitzkin, Joshua"]
[Black "Rosenberg, Daniel"]
[Result "1-0"]
[WhiteElo "2310"]
[BlackElo "2295"]

1.e4 g6 2.d4 Bg7 3.Nf3 d6 4.c3 Nf6 5.Nbd2 O-O 6.a4 a5 7.Bd3 Nbd7 8.O-O e5
9.dxe5 Nxe5 10.Nxe5 dxe5 11.Qc2 Be6 12.Rd1 Nh5 13.Nc4 Qe7 14.Bf1 f6 15.b4 Qf7
16.Ne3 Kh8 17.Rb1 b6 18.Bb5 f5 19.Bc6 Rad8 20.bxa5 bxa5 21.Ba3 Rg8 22.Rb5 Rxd1+
23.Qxd1 fxe4 24.Rxa5 Bf6 25.Rb5 Rd8 26.Qb1 Nf4 27.Rb8 Ne2+ 28.Kf1 Bc4 29.Ke1 Bd3
30.Rxd8+ Bxd8 31.Qb4 Bg5 32.Bd5 Qe8 33.a5 Bxe3 34.fxe3 h5 35.Bb7 Qd8 36.Qf8+ Qxf8
37.Bxf8 Nxc3 38.a6 Nb5 39.Bc5 Kg7 40.a7 Nxa7 41.Bxa7 Kf6 42.Bd5 Kf5 43.Bc5 h4
44.Be7 g5 45.Bb7 Kg4 46.Bc8+ Kh5 47.h3 Kg6 48.Bg4 Kh6 49.Be2 Kg6 50.Kd2 Bxe2
51.Kxe2 Kf5 52.Kd2 g4 53.Kc3  1-0

[Event "Enhance MCC"]
[Site "New York"]
[Date "1992.??.??"]
[Round "6"]
[White "Waitzkin, Joshua"]
[Black "Garber, Stanislav"]
[Result "1-0"]
[WhiteElo "2310"]
[BlackElo "2385"]

1.e4 c5 2.Nf3 Nc6 3.d4 cxd4 4.Nxd4 Nf6 5.Nc3 e5 6.Ndb5 d6 7.Bg5 a6 8.Na3 b5
9.Bxf6 gxf6 10.Nd5 f5 11.Bd3 Be6 12.O-O Bxd5 13.exd5 Ne7 14.c3 Bg7 15.Qh5 e4
16.Bc2 O-O 17.Rae1 Rc8 18.Bb3 Qb6 19.Nc2 Qa7 20.Kh1 Rce8 21.g3 a5 22.a3 Qd7
23.Ne3 b4 24.axb4 axb4 25.cxb4 Rb8 26.f3 Rxb4 27.Bc2 f4 28.Ng2 Rxb2 29.Bxe4 f5
30.Bd3 Ng6 31.Re6 Qf7 32.Rxd6 Be5 33.Re6 fxg3 34.f4 Rxg2 35.hxg3 Bg7 36.Bxf5 Rxg3
37.Kh2 Rc3 38.Bxg6 hxg6 39.Qxg6 Qb7 40.Rg1 Rc7 41.Re5 Qc8 42.Rg2 Rb7 43.Rh5 Rxf4
44.Qh6 Rg4 45.Qh7+ Kf8 46.Qf5+ Qxf5 47.Rxf5+ Rf7 48.Rxf7+ Kxf7 49.Rxg4 Be5+
50.Kg2 Ke7 51.Kf3 Kd6 52.Ke4 Bc3 53.Rg6+ Kd7 54.Kf5 Bb2 55.Rh6 Bc3 56.Ke4 Bb2
57.Ra6 Bc3 58.Rb6 Bg7 59.Rb7+  1-0

[Event "New York Marshall CC"]
[Site "New York"]
[Date "1992.??.??"]
[Round "8"]
[White "Edelman, Daniel"]
[Black "Waitzkin, Joshua"]
[Result "1-0"]
[WhiteElo "2400"]
[BlackElo "2310"]

1.e4 c5 2.Nf3 Nc6 3.d4 cxd4 4.Nxd4 Nf6 5.Nc3 d6 6.f3 e5 7.Nde2 h6 8.Be3 Qa5
9.Qd2 Be6 10.Rd1 Be7 11.a3 O-O 12.Nd5 Qxd2+ 13.Rxd2 Bxd5 14.exd5 Nb8 15.Ng3 Re8
16.c4 Nbd7 17.Bd3 h5 18.O-O g6 19.b4 Rec8 20.Bf2 Bd8 21.Rc2 a5 22.Be4 axb4
23.axb4 Ra4 24.Rb1 Nb6 25.c5 Nbxd5 26.cxd6 Rxc2 27.Bxc2 Rxb4 28.Rxb4 Nxb4
29.Bb3 Nc6 30.Bc5 Nd7 31.Be3 Kg7 32.Ne4 Ba5 33.Ng5 Nd8 34.Ba4 Bb6 35.Kf2 Bxe3+
36.Kxe3 Nc5 37.Bb5 b6 38.Ne4 Ncb7 39.d7 Kf8 40.f4 exf4+ 41.Kxf4 Ke7 42.Ke5 f6+
43.Kd5 f5 44.Nc3 Nd6 45.Ba4 h4 46.h3 N6f7 47.Bb5 g5 48.Na4 Ne6 49.Nxb6 Nf4+
50.Kc6 Nxg2 51.Kc7 Ne3 52.Ba4 g4 53.Nc8+ Ke6 54.Nb6 g3 55.Bb3+ Ke5 56.Bxf7 g2
57.d8=Q g1=Q 58.Qe7+ Kd4 59.Qxh4+ Kd3 60.Bc4+ Kc2 61.Kc6 Qg2+ 62.Bd5 Qd2
63.Qa4+ Kd3 64.Qb5+ Kd4 65.Qc5+ Ke5 66.Qd6+ Kd4 67.Be4+ Kc3 68.Na4+  1-0

[Event "New York op"]
[Site "New York"]
[Date "1992.??.??"]
[Round "8"]
[White "Arnason, Jon L"]
[Black "Waitzkin, Joshua"]
[Result "1/2-1/2"]
[WhiteElo "2515"]
[BlackElo "2290"]

1.e4 c5 2.Nf3 Nc6 3.d4 cxd4 4.Nxd4 Nf6 5.Nc3 d6 6.Bg5 e6 7.Qd2 a6 8.O-O-O Bd7
9.f4 b5 10.Bxf6 gxf6 11.Kb1 Qb6 12.Nce2 Be7 13.g3 Na5 14.b3 Nb7 15.Bg2 Nc5
16.Qe3 O-O-O 17.Rhf1 Qc7 18.f5 e5 19.Nf3 b4 20.Nd2 a5 21.Nc1 Bb5 22.Rfe1 h5
23.Bf1 Bc6 24.Bc4 Bf8 25.Qf3 Bh6 26.Nf1 Qb7 27.Bd5 h4 28.g4 Kb8 29.Bxc6 Qxc6
30.Qe2 Rd7 31.Rd5 Rc8 32.Qd1  1/2-1/2

[Event "Enhance MCC"]
[Site "New York"]
[Date "1992.??.??"]
[Round "8"]
[White "Waitzkin, Joshua"]
[Black "Zaderman, Yuri"]
[Result "0-1"]
[WhiteElo "2310"]
[BlackElo "2255"]

1.e4 e5 2.Nf3 Nc6 3.Bb5 a6 4.Bxc6 dxc6 5.O-O f6 6.d4 exd4 7.Nxd4 c5 8.Ne2 Qxd1
9.Rxd1 Bd7 10.c4 Ne7 11.Nbc3 Ng6 12.Be3 O-O-O 13.Nd5 Bc6 14.Nec3 Bd6 15.f3 Rhe8
16.Rd2 b5 17.cxb5 axb5 18.Rc1 Ne5 19.b3 c4 20.a4 Ba3 21.Rcd1 b4 22.Ne7+ Kb7
23.Rxd8 Rxd8 24.Rxd8 bxc3 25.Nxc6 Kxc6 26.bxc4 c2 27.h4 Bc5  0-1

[Event "Enhance MCC"]
[Site "New York"]
[Date "1992.??.??"]
[Round "9"]
[White "Teodoro, Eduardo"]
[Black "Waitzkin, Joshua"]
[Result "0-1"]
[WhiteElo "2200"]
[BlackElo "2310"]

1.e4 c5 2.Nf3 Nc6 3.d4 cxd4 4.Nxd4 Nf6 5.Nc3 d6 6.Be2 e5 7.Nf3 h6 8.O-O Be7
9.h3 O-O 10.Re1 a6 11.a4 Be6 12.Bf1 Qc7 13.Be3 Na5 14.Nd2 d5 15.exd5 Nxd5
16.Nxd5 Bxd5 17.c4 Be6 18.c5 Rfd8 19.Ra3 Nc6 20.Qh5 Nd4 21.Bxd4 Rxd4 22.Nf3 Rb4
23.Nxe5 Qxc5 24.Qe2 Qb6 25.Qf3 Rxb2 26.Rae3 Bc5 27.R3e2 Rxe2 28.Bxe2 Rd8
29.Bd3 Qb2 30.Be4 Ba7 31.Nd3 Qd2 32.Rd1 Qc2 33.Rc1 Qxa4 34.Bxb7 Qa3 35.Rd1 Bc4
36.Be4 Qb3 37.Nb2 Rxd1+ 38.Qxd1 Qxd1+ 39.Nxd1 Bd4 40.Bc2 g5 41.Ba4 Kf8 42.Ne3 Bxe3
43.fxe3 Ke7 44.Kf2 Kd6 45.e4 Kc5 46.Ke3 Kb4 47.Kd4 Bb3  0-1

[Event "New York op"]
[Site "New York"]
[Date "1992.??.??"]
[Round "9"]
[White "Waitzkin, Joshua"]
[Black "Yermolinsky, Alex"]
[Result "0-1"]
[WhiteElo "2290"]
[BlackElo "2595"]

1.e4 c5 2.Nf3 d6 3.d4 cxd4 4.Nxd4 Nf6 5.Nc3 Nc6 6.Bg5 e6 7.Qd2 a6 8.O-O-O Bd7
9.f4 b5 10.Bxf6 gxf6 11.Kb1 Qb6 12.Nce2 Rc8 13.g3 Na5 14.b3 Nc6 15.Bg2 Be7
16.Rhe1 Qa5 17.c3 Nxd4 18.Qxd4 Qc7 19.Qd3 h5 20.Rc1 Qc5 21.Nd4 Bf8 22.Rc2 h4
23.g4 Bh6 24.Rf1 e5 25.fxe5 dxe5 26.Nf5 Bxf5 27.exf5 Rd8 28.Qe4 O-O 29.Qc6 Qxc6
30.Bxc6 Kg7 31.a4 bxa4 32.bxa4 Rd6 33.Be4 Rc8 34.c4 Rb6+ 35.Ka2 Rb4 36.Bd5 Be3
37.Rf3 Bd4 38.c5 Rxa4+ 39.Ra3 Rxa3+ 40.Kxa3 Rxc5 41.Rxc5 Bxc5+ 42.Kb3 Kh6
43.Kc4 Bf8 44.Bxf7 Kg5 45.h3 Kf4 46.Kd5 e4 47.Kd4 e3  0-1

[Event "New York Marshall CC"]
[Site "New York"]
[Date "1992.??.??"]
[Round "10"]
[White "Moskow, Eric"]
[Black "Waitzkin, Joshua"]
[Result "1/2-1/2"]
[WhiteElo "2240"]
[BlackElo "2310"]

1.Nf3 Nf6 2.g3 g6 3.Bg2 Bg7 4.c4 d6 5.O-O O-O 6.Nc3 e5 7.d3 Nc6 8.Bg5 h6
9.Bxf6 Bxf6 10.Rb1 Be6 11.Nd2 Qd7 12.Nd5 Bg7 13.b4 Rfc8 14.b5 Nd8 15.Ne4 Bxd5
16.cxd5 a6 17.b6  1/2-1/2

[Event "New York Marshall CC"]
[Site "New York"]
[Date "1992.??.??"]
[Round "12"]
[White "Waitzkin, Joshua"]
[Black "Sagalchik, Gennadij"]
[Result "0-1"]
[WhiteElo "2310"]
[BlackElo "2490"]

1.e4 e5 2.Nf3 Nc6 3.Bb5 a6 4.Bxc6 dxc6 5.O-O f6 6.d4 exd4 7.Nxd4 c5 8.Ne2 Qxd1
9.Rxd1 Bd7 10.Nbc3 Ne7 11.Bf4 O-O-O 12.Nd5 Nxd5 13.Rxd5 Re8 14.f3 g5 15.Be3 f5
16.Nc3 fxe4 17.Nxe4 Bc6 18.Rf5 g4 19.Bxc5 gxf3 20.gxf3 Bxc5+ 21.Rxc5 Bxe4
22.fxe4 Rhg8+ 23.Kf1 Rxe4 24.Rf5 Reg4 25.Ke2 Re8+ 26.Kf1 Reg8 27.Ke2 Rh4
28.Rf2 Rg6 29.Rd1 b5 30.Rd2 Kb7 31.Ke3 Rgh6 32.c3 Rh3+ 33.Ke4 a5 34.Rg2 a4
35.Rc2 Kc6 36.Rgd2 R6h5 37.Kf4 Kc5 38.Re2 R3h4+ 39.Kf3 Kc4 40.Rcd2 Rh3+ 41.Kf4 R5h4+
42.Ke5 a3 43.bxa3 Rxc3 44.Rb2 Rxa3 45.Kf6 c5 46.Kg5 Rhh3 47.Rf2 b4 48.Kg4 Rhd3
49.h4 Rd4+ 50.Kg5 Rg3+ 51.Kh5 Rh3 52.Rbc2+ Kb5 53.Rf5 Rdxh4+ 54.Kg5 Rh5+  0-1

[Event "New York Marshall CC"]
[Site "New York"]
[Date "1992.??.??"]
[Round "13"]
[White "Ibragimov, Ildar"]
[Black "Waitzkin, Joshua"]
[Result "1/2-1/2"]
[WhiteElo "2540"]
[BlackElo "2310"]

1.d4 Nf6 2.c4 c5 3.Nf3 e6 4.Nc3 cxd4 5.Nxd4 Bb4 6.Nb5 O-O 7.a3 Bxc3+ 8.Nxc3 Nc6
9.Bg5 d5 10.e3 h6 11.Bh4 a6 12.Rc1 d4 13.exd4 Qxd4 14.Qxd4 Nxd4 15.Bd3 Bd7
16.O-O b5 17.Rfd1 Nb3 18.Rc2 Nc5 19.Bxf6 gxf6 20.Ne4 bxc4 21.Nxf6+ Kg7 22.Nxd7 Nxd7
23.Bxc4 Nb6 24.Be2 a5 25.Kf1 Kf6 26.Bf3 Rab8 27.b3 a4 28.b4 Rfc8 29.Rdc1 Rxc2
30.Rxc2 Ke5 31.Rc7 Kd4 32.Rxf7 Kc3 33.Bg4 Kb2 34.Bxe6 Kxa3 35.f4 Kxb4 36.f5 Kc5
37.g4 Ra8 38.h4 Nd5 39.Rd7 Ne3+ 40.Ke2 Nxg4 41.Rd5+ Kc6 42.Rd4 Nf6 43.Kf3  1/2-1/2

[Event "USA-chJ New York"]
[Site "New York"]
[Date "1993.??.??"]
[Round "?"]
[White "Sidelnikov, Alexander"]
[Black "Waitzkin, Joshua"]
[Result "0-1"]
[WhiteElo "2230"]
[BlackElo "2370"]

1.Nf3 c5 2.g3 Nc6 3.Bg2 e5 4.d3 g6 5.O-O Bg7 6.e4 Nge7 7.c3 O-O 8.a3 d6 9.b4 h6
10.Be3 b6 11.b5 Na5 12.Nfd2 Be6 13.c4 Qd7 14.Nb3 Nxb3 15.Qxb3 Bh3 16.Nc3 Bxg2
17.Kxg2 f5 18.f3 f4 19.Bd2 h5 20.Rae1 g5 21.Qd1 Rf7 22.Rf2 g4 23.Ref1 Raf8
24.a4 Qe6 25.Nd5 Nxd5 26.exd5 Qg6 27.Qe2 Bh6 28.Qe4 Kg7 29.Qxg6+ Kxg6 30.h3 fxg3
31.Bxh6 gxf2 32.Bxf8 Rxf8 33.hxg4 hxg4 34.Rxf2 gxf3+ 35.Rxf3 Rf4 36.Rg3+ Kf5
37.Rh3 e4 38.dxe4+ Rxe4 39.Rh7 Rxc4 40.Rxa7 Ke5 41.Kf3 Kxd5 42.Ra6 Rb4 43.Ke3 c4
44.Rxb6 Rxa4 45.Kd2 Rb4 46.Kc3 Rb3+ 47.Kc2 Ke5 48.Rb8 d5 49.b6 Kd6 50.b7 Kc6
51.Rc8+ Kxb7 52.Rd8 Kc6 53.Rc8+ Kd6 54.Rd8+ Kc5 55.Rc8+ Kd4 56.Rh8 Rc3+ 57.Kd2 Re3
58.Rh4+ Re4 59.Rh3 c3+ 60.Kc2 Re2+ 61.Kd1 Rg2  0-1

[Event "USA-chJ New York"]
[Site "New York"]
[Date "1993.??.??"]
[Round "?"]
[White "Levitan, Yuliya"]
[Black "Waitzkin, Joshua"]
[Result "0-1"]
[WhiteElo "2270"]
[BlackElo "2370"]

1.e4 c5 2.Nc3 Nc6 3.f4 e6 4.Nf3 Nge7 5.d3 d5 6.e5 b5 7.g3 b4 8.Ne2 Nf5 9.Bg2 Be7
10.O-O O-O 11.g4 Nh6 12.h3 f6 13.exf6 gxf6 14.f5 Nf7 15.fxe6 Bxe6 16.Nf4 Qd7
17.Nh4 Nfe5 18.Nxe6 Qxe6 19.Bh6 Rf7 20.Qd2 Rd8 21.Rae1 Bd6 22.c3 bxc3 23.bxc3 Bc7
24.Nf5 d4 25.c4 Ba5 26.Qe2 Bxe1 27.Rxe1 Ne7 28.Nxe7+ Rxe7 29.Be4 Kh8 30.Bf4 Rde8
31.Bd5 Qb6 32.Bxe5 Rxe5 33.Be4 Qe6 34.Rf1 f5 35.gxf5 Rxf5 36.Rb1 Rg5+ 37.Kh2 Qe5+
38.Kh1 Qg3 39.Qh2 Qh4 40.a4 Rg3 41.Bf5 Rf3  0-1

[Event "USA-chJ New York"]
[Site "New York"]
[Date "1993.??.??"]
[Round "?"]
[White "Waitzkin, Joshua"]
[Black "Zamora, Jorge"]
[Result "0-1"]
[WhiteElo "2370"]
[BlackElo "2270"]

1.e4 c5 2.Nf3 e6 3.d4 cxd4 4.Nxd4 Nf6 5.Nc3 Nc6 6.Ndb5 d6 7.Bf4 e5 8.Bg5 a6
9.Na3 b5 10.Bxf6 gxf6 11.Nd5 Bg7 12.c4 O-O 13.Bd3 f5 14.O-O bxc4 15.Nxc4 Be6
16.Ncb6 fxe4 17.Bxe4 Rb8 18.Bxh7+ Kxh7 19.Qc2+ e4 20.Qxc6 Bd4 21.Ne7 Qxb6
22.Qxe4+ Kg7 23.Rad1 Bf6 24.Nf5+ Bxf5 25.Qxf5 Rfe8 26.Rd3 Re6 27.b3 Rc8 28.Rg3+ Kf8
29.Rg6 Rc5 30.Qg4 Ke7 31.Rg8 Rc2 32.Qf3 Rxf2  0-1

[Event "USA-chJ New York"]
[Site "New York"]
[Date "1993.??.??"]
[Round "?"]
[White "Waitzkin, Joshua"]
[Black "Shaked, Tal"]
[Result "1-0"]
[WhiteElo "2370"]
[BlackElo "2440"]

1.e4 c5 2.Nf3 Nc6 3.d4 cxd4 4.Nxd4 Nf6 5.Nc3 e5 6.Ndb5 d6 7.a4 a6 8.Na3 Be6
9.Bc4 Be7 10.O-O O-O 11.Re1 Nb4 12.Bg5 Rc8 13.b3 Nd7 14.Be3 Nb6 15.Bxb6 Qxb6
16.Nd5 Nxd5 17.Bxd5 Rc5 18.Nc4 Qc7 19.a5 Bxd5 20.exd5 f5 21.Ra4 Rb5 22.Nb6 Rc5
23.c4 Qd8 24.b4 Rc7 25.Ra2 Rf6 26.Rc2 Rh6 27.Qf3 Qf8 28.c5 dxc5 29.Rxe5 Bd6
30.Rxf5 Qe8 31.Re2 Re7 32.Rxe7 Qxe7 33.g3 cxb4 34.Kg2 Qd8 35.Qe3 Rf6 36.Rxf6 Qxf6
37.Nc4 Qe7 38.Nxd6 Qxd6 39.Qe8+ Qf8 40.Qe6+ Qf7 41.Qc8+ Qf8 42.Qxb7  1-0

[Event "USA-chJ New York"]
[Site "New York"]
[Date "1993.??.??"]
[Round "?"]
[White "Waitzkin, Joshua"]
[Black "Tsemekhman, Vadim"]
[Result "1-0"]
[WhiteElo "2370"]
[BlackElo "2350"]

1.e4 e6 2.d4 d5 3.exd5 exd5 4.c4 Nf6 5.Nc3 c6 6.Bd3 Be7 7.Nge2 O-O 8.O-O dxc4
9.Bxc4 Nbd7 10.Re1 Nb6 11.Bb3 Nbd5 12.Nf4 Nxc3 13.bxc3 Bf5 14.Nd3 Bd6 15.Ne5 Bxe5
16.Rxe5 Qd7 17.Qf3 Be4 18.Qg3 Bg6 19.Ba3 Rfe8 20.f3 Rxe5 21.dxe5 Nd5 22.Qe1 Re8
23.Rd1 Qd8 24.Kh1 Qa5 25.Bb2 Nf4 26.Qe3 Ne6 27.h3 h6 28.Rd6 Qc5 29.Qxc5 Nxc5
30.Bc4 Bf5 31.f4 Ne4 32.Rd4 c5 33.e6 f6 34.e7+ Kh7 35.Rd8 Rxe7 36.Bg8+ Kg6
37.g4 Bd7 38.Kg2 Bc6 39.h4 Ng5+ 40.Kf1 h5  1-0

[Event "USA-chJ New York+"]
[Site "New York"]
[Date "1993.??.??"]
[Round "?"]
[White "Klein, E."]
[Black "Waitzkin, Joshua"]
[Result "0-1"]
[WhiteElo "2310"]
[BlackElo "2370"]

1.d4 Nf6 2.c4 c5 3.d5 b5 4.cxb5 a6 5.f3 e6 6.e4 exd5 7.e5 Qe7 8.Qe2 Ng8 9.Nc3 Bb7
10.Nh3 c4 11.Be3 axb5 12.O-O-O Qb4 13.Rxd5 Qxc3+ 14.bxc3 Bxd5 15.Nf4 Ba3+
16.Kb1 Ne7 17.Qd2 Be6 18.Nh5 Rg8 19.Nf4 Nbc6 20.Nxe6 fxe6 21.f4 Kf7 22.Be2 Nd5
23.Bf3 Nce7 24.f5 Rgb8 25.fxe6+ dxe6 26.Rf1 Kg8 27.Ka1 b4 28.Bd4 Ra6 29.cxb4 Bxb4
30.Qc2 c3 31.Be2 Nc6 32.Bxa6 Nxd4 33.Qc1 Ba3 34.Qd1 Bb2+ 35.Kb1 c2+ 36.Qxc2 Nxc2  0-1

[Event "USA-chJ playoff"]
[Site "New York"]
[Date "1993.??.??"]
[Round "?"]
[White "Waitzkin, Joshua"]
[Black "Kreiman, Boris"]
[Result "0-1"]
[WhiteElo "2370"]
[BlackElo "2400"]

1.e4 e5 2.Nf3 Nc6 3.Bb5 g6 4.d4 exd4 5.Bg5 Be7 6.Bxe7 Qxe7 7.Bxc6 dxc6 8.Qxd4 Nf6
9.Nc3 O-O 10.O-O-O c5 11.Nd5 Nxd5 12.Qxd5 Be6 13.Qxb7 Rab8 14.Qa6 Rb6 15.Qa3 Rfb8
16.b3 Qf6 17.e5 Qf4+ 18.Kb1 c4 19.Qe7 cxb3 20.Rd8+ Rxd8 21.Qxd8+ Kg7 22.axb3 Bxb3
23.cxb3 Rxb3+ 24.Kc2 Qc4+ 25.Kd2 Rb2+ 26.Ke3 Re2+  0-1

[Event "New York Marshall"]
[Site "New York"]
[Date "1993.??.??"]
[Round "?"]
[White "Ginsburg, Mark"]
[Black "Waitzkin, Joshua"]
[Result "1/2-1/2"]
[WhiteElo "2405"]
[BlackElo "2345"]

1.d4 Nf6 2.c4 c5 3.d5 b5 4.cxb5 a6 5.b6 e6 6.Nc3 exd5 7.Nxd5 Nxd5 8.Qxd5 Nc6
9.Nf3 Rb8 10.e4 Be7 11.Bc4 O-O 12.Qh5 d6 13.O-O Be6 14.b3 Rxb6 15.Bd2 Qd7
16.Bxe6 fxe6 17.Rad1 Bf6 18.Be3 Qe7 19.Rfe1 Bc3 20.Bg5 Qf7 21.Qxf7+ Rxf7
22.Rxd6 Bxe1 23.Nxe1 Rfb7 24.Nd3 c4 25.Nc5 cxb3 26.axb3 Rb8 27.h4 Na5 28.e5 Rb5
29.Nxa6 R8b7 30.b4 Nc4 31.Rd8+ Kf7 32.Nc5 Rc7 33.Rf8+ Kxf8 34.Nxe6+ Kf7 35.Nxc7 Rxe5
36.Bf4 Re1+ 37.Kh2 Rb1 38.b5 Na3 39.Be3 Nxb5 40.Nxb5 Rxb5 41.g3 Ke6 42.Kg2 Kf5
43.Ba7  1/2-1/2

[Event "New York Marshall"]
[Site "New York"]
[Date "1993.??.??"]
[Round "?"]
[White "Korsunsky, Yuri"]
[Black "Waitzkin, Joshua"]
[Result "1/2-1/2"]
[WhiteElo "2425"]
[BlackElo "2345"]

1.d4 Nf6 2.c4 c5 3.d5 b5 4.cxb5 a6 5.bxa6 g6 6.Nc3 Bxa6 7.g3 d6 8.Bg2 Bg7
9.Nh3 Nbd7 10.O-O O-O 11.Qc2 Qb6 12.Rb1 Rfc8 13.Nf4 Ne8 14.h4 Ne5 15.b3 Nc7
16.a4 Bb7 17.Nd3 Na6 18.Nxe5 Bxe5 19.Na2 Nb4 20.Nxb4 cxb4 21.Qe4 Rc3 22.Be3 Qa5
23.h5 Bc8 24.Qh4 Bf5 25.Be4 Bxe4 26.Qxe4 f5 27.Qh4 Qxd5 28.Qxb4 Rc2 29.Rfd1 Qe6
30.Rd2 Rcc8 31.Rd3 Rab8 32.Qh4 Rc4 33.Qxc4 Qxc4 34.bxc4 Rxb1+ 35.Kg2 Ra1
36.c5 Rxa4 37.f4 Bf6 38.cxd6 exd6 39.Rxd6 Kf7 40.Rd7+ Kg8 41.Kf3 Ra3 42.h6 Rb3
43.Kf2 Rb1 44.Kg2 Re1 45.Rd2 Be7 46.Rc2 Bf8 47.Bd4 Bxh6 48.Rc8+ Kf7 49.Rh8 g5
50.fxg5 Bxg5 51.Rxh7+ Ke6 52.Kf2 Rd1 53.Ba7 Rd7 54.Rh5 Rxa7 55.Rxg5 Kf6 56.Rg8 Ra4
57.Rd8 Rb4 58.Kf3 Ra4 59.e3 Ke5 60.Rd4 Ra1  1/2-1/2

[Event "New York Marshall"]
[Site "New York"]
[Date "1993.??.??"]
[Round "?"]
[White "Moskow, Eric"]
[Black "Waitzkin, Joshua"]
[Result "0-1"]
[WhiteElo "2235"]
[BlackElo "2345"]

1.Nf3 Nc6 2.e4 g6 3.d4 Bg7 4.Be2 d6 5.Nc3 Nf6 6.O-O O-O 7.h3 a6 8.d5 Nb8
9.Be3 b5 10.a3 c5 11.e5 Ne8 12.exd6 exd6 13.Qd2 Nd7 14.Bh6 Nb6 15.Bxg7 Kxg7
16.b4 Bb7 17.Rad1 cxb4 18.axb4 Nf6 19.Nd4 Rc8 20.Nc6 Bxc6 21.dxc6 Rxc6 22.Qd4 Re8
23.Bf3 d5 24.Rfe1 Rxe1+ 25.Rxe1 Rc4 26.Qd2 Rxb4 27.Nxd5 Nbxd5 28.Bxd5 Rc4  0-1

[Event "New York Marshall"]
[Site "New York"]
[Date "1993.??.??"]
[Round "?"]
[White "Waitzkin, Joshua"]
[Black "Somlai, Laszlo"]
[Result "1-0"]
[WhiteElo "2345"]
[BlackElo "2385"]

1.e4 d5 2.exd5 Qxd5 3.Nc3 Qa5 4.d4 Nf6 5.Nf3 Bg4 6.h3 Bh5 7.g4 Bg6 8.Ne5 e6
9.h4 Bb4 10.Rh3 Bxc3+ 11.bxc3 Nbd7 12.Nxg6 hxg6 13.Rb1 O-O-O 14.Rb5 Qxa2
15.c4 a6 16.Rxb7 Nb6 17.Ra7 Qa1 18.Ra3 Qxd4 19.Qxd4 Rxd4 20.c5 Re4+ 21.Be3 Rxh4
22.cxb6 cxb6 23.Bxa6+ Kd8 24.Rc3  1-0

[Event "New York Marshall"]
[Site "New York"]
[Date "1993.??.??"]
[Round "?"]
[White "Waitzkin, Joshua"]
[Black "Vulicevic, Nenad"]
[Result "1/2-1/2"]
[WhiteElo "2345"]
[BlackElo "2320"]

1.e4 e6 2.d4 d5 3.exd5 exd5 4.c4 Nf6 5.Nc3 Be7 6.Bd3 dxc4 7.Bxc4 O-O 8.Nge2 Nbd7
9.O-O Nb6 10.Bb3 c6 11.Qd3 Nbd5 12.Nf4 Nxf4 13.Bxf4 Bd6 14.Bg3 Nh5 15.Qf3 Bxg3
16.fxg3 Qxd4+ 17.Kh1 Nf6 18.Rad1 Qg4 19.Qe3 Qh5 20.Qe7 Be6 21.Bxe6 fxe6 22.Qxe6+ Kh8
23.Rf5 Rae8 24.Rxh5 Rxe6 25.Rf5 Rfe8 26.h3 g6 27.Ra5 a6 28.g4 R8e7 29.Kh2 Re3
30.Ra4 g5 31.Rad4 Kg7 32.Rd6 Re1 33.R1d2 R1e6 34.Rd8 Re8 35.R8d4 c5 36.R4d3 c4
37.Rd4 b5 38.Nd5 Nxd5 39.Rxd5 h6 40.a4 Re5 41.Rd6 R8e6 42.Rd7+ Kg6 43.axb5 axb5
44.Rb7 Rc5 45.Rf2 Rf6 46.Rd2  1/2-1/2